000 00358nam a2200133Ia 4500
008 240624s9999 xx 000 0 und d
041 _aeng
082 _a658.8 KRI
100 _aKRISHNAMACHARYULU C S G
245 _aCASES IN RURAL MARKETING AN INTEGRATED A
260 _c2004
_aNew Delhi
_bPearson Education
300 _ax, : 264 : p. : cm. ; 24
365 _cRS
999 _c464
_d464